000 01327cam a22003374a 4500
001 14310860
005 20170105102914.0
008 060322s2006 nyuab b 001 0deng
010 _a 2006043499
020 _a1594200963
040 _aDLC
_cDLC
_dDLC
042 _apcc
043 _aa-af---
050 0 0 _aDS371.4
_b.C43 2006
082 0 0 _a958.104/7
_222
100 1 _aChayes, Sarah,
_d1962-
245 1 4 _aThe punishment of virtue :
_binside Afghanistan after the Taliban /
_cSarah Chayes.
260 _aNew York :
_bPenguin Press,
_c2006.
300 _a386 p. :
_bill., maps ;
_c25 cm.
504 _aIncludes bibliographical references and index.
600 1 0 _aChayes, Sarah,
_d1962-
650 0 _aAfghan War, 2001-
650 0 _aWar correspondents
_zAfghanistan.
651 0 _aAfghanistan
_xHistory
_y2001-
651 0 _aKandahār (Afghanistan)
_xHistory
_y21st century.
856 4 2 _3Publisher description
_uhttp://www.loc.gov/catdir/enhancements/fy0721/2006043499-d.html
856 4 2 _3Contributor biographical information
_uhttp://www.loc.gov/catdir/enhancements/fy0721/2006043499-b.html
906 _a7
_bcbc
_corignew
_d1
_eocip
_f20
_gy-gencatlg
942 _2ddc
_cBK
999 _c15260
_d15260